[Event "Reykjavik op"]
[Site "Reykjavik"]
[Date "2015.03.11"]
[Round "2"]
[White "Hansen, Eric"]
[Black "Tjomsland, Stig"]
[Result "1-0"]
[WhiteElo "2566"]
[BlackElo "2300"]
[PlyCount "57"]
[EventDate "2015.03.10"]
[EventType "swiss"]
[EventRounds "10"]
[EventCountry "ISL"]
[SourceTitle "CBM 165 Extra"]
[Source "ChessBase"]
[SourceDate "2015.04.21"]
[SourceVersion "1"]
[SourceVersionDate "2015.04.21"]
[SourceQuality "1"]

1. e4 e5 2. Nf3 Nc6 3. Bb5 Nf6 4. d3 Bc5 5. Nbd2 d6 6. 0-0 0-0 7. c3 Bg4 8. Re1 Ne7 9. h3 Bh5 10. Nf1 c6 11. Ba4 Bb6 12. Bg5 Nd7 13. Ng3 Bxf3 14. Qxf3 Nc5 15. Bc2 Ne6 16. Bd2 Qd7 17. Nf5 Rad8 18. a4 a6 19. Rad1 Kh8 20. Bc1 g6 21. d4 gxf5 22. exf5 Nxd4 23. cxd4 Bxd4 24. f6 Ng6 25. Qh5 d5 26. Rxd4 exd4 27. Re7 Rg8 28. Rxd7 Rxd7 29. Bxg6 1-0

[Event "NOR-chT 1415"]
[Site "Norway"]
[Date "2015.02.08"]
[Round "8.4"]
[White "Tjomsland, Stig"]
[Black "Gullaksen, Eirik Tvedt"]
[Result "0-1"]
[WhiteElo "2372"]
[BlackElo "2349"]
[PlyCount "92"]
[EventDate "2014.10.31"]
[EventType "team-tourn"]
[EventRounds "11"]
[EventCountry "NOR"]
[SourceTitle "EXT 2016"]
[Source "ChessBase"]
[SourceDate "2015.10.08"]
[SourceVersion "1"]
[SourceVersionDate "2015.10.08"]
[SourceQuality "1"]
[WhiteTeam "Nordstrand"]
[BlackTeam "Bergens"]
[WhiteTeamCountry "NOR"]
[BlackTeamCountry "NOR"]

1. d4 Nf6 2. Nf3 g6 3. e3 Bg7 4. Be2 0-0 5. 0-0 d6 6. b3 c5 7. Bb2 b6 8. c4 Bb7 9. Nc3 Ne4 10. Qc2 Nxc3 11. Bxc3 cxd4 12. Nxd4 Nc6 13. Nb5 Ne5 14. f4 a6 15. Nd4 Nd7 16. Bf3 Qc7 17. a4 Rac8 18. Rac1 d5 19. Bxd5 Bxd5 20. cxd5 Bxd4 21. exd4 Nf6 22. Qd3 Nxd5 23. Bd2 Qb7 24. f5 Rxc1 25. Bxc1 Nf6 26. Bg5 Ne4 27. Qf3 f6 28. Be3 Qd5 29. Qg4 Kg7 30. h4 Nd6 31. fxg6 hxg6 32. Rf3 Kf7 33. Bf2 Rc8 34. Kh2 Rc2 35. Qd7 Qe4 36. d5 b5 37. axb5 axb5 38. Kg1 b4 39. Qd8 Rc1+ 40. Kh2 Rc3 41. Qh8 Qg4 42. Qh7+ Ke8 43. Bb6 Kd7 44. Qh8 Rc8 45. Qh7 Ne4 46. Qh6 Rc2 0-1

[Event "Vienna op 18th"]
[Site "Vienna"]
[Date "2013.08.22"]
[Round "6"]
[White "Fier, Alexandr"]
[Black "Tjomsland, Stig"]
[Result "0-1"]
[WhiteElo "2595"]
[BlackElo "2337"]
[PlyCount "158"]
[EventDate "2013.08.17"]
[EventType "swiss"]
[EventRounds "9"]
[EventCountry "AUT"]
[SourceTitle "CBM 156 Extra"]
[Source "ChessBase"]
[SourceDate "2013.10.22"]
[SourceVersion "1"]
[SourceVersionDate "2013.10.22"]
[SourceQuality "1"]

1. Nf3 Nf6 2. c4 e6 3. g3 d5 4. Bg2 Be7 5. 0-0 0-0 6. d4 dxc4 7. Qc2 a6 8. Qxc4 b5 9. Qc2 Bb7 10. Bd2 Bd6 11. Ng5 Bxg2 12. Kxg2 h6 13. Nf3 Nbd7 14. Ba5 Rc8 15. Qc6 Nb8 16. Qb7 Qd7 17. Rc1 c5 18. Qxd7 Nbxd7 19. Nbd2 c4 20. b3 Ba3 21. Rc2 cxb3 22. Rxc8 Rxc8 23. axb3 Bd6 24. Ra2 Kf8 25. e4 Be7 26. Ne1 Ke8 27. Nd3 Nb8 28. Ne5 Nfd7 29. Nxd7 Kxd7 30. Nf3 Bf6 31. Bd2 Kc6 32. g4 Kb7 33. h4 Rd8 34. Bc3 Nc6 35. Rd2 b4 36. Bb2 Na5 37. Rd3 g6 38. Bc1 Bg7 39. d5 exd5 40. exd5 Kb6 41. Nd2 Rc8 42. d6 Rxc1 43. d7 Nb7 44. d8Q+ Nxd8 45. Rxd8 Kc7 46. Re8 Bc3 47. Nc4 Bf6 48. Rf8 Bd4 49. Rxf7+ Kc6 50. Rf8 Rc3 51. Rg8 g5 52. Rg6+ Kc5 53. Rxa6 Rxc4 54. Ra5+ Kb6 55. Rd5 Rc3 56. Rxd4 Kc5 57. Re4 gxh4 58. Re6 h3+ 59. Kh2 Rxb3 60. Rxh6 Rf3 61. Rh8 b3 62. g5 Rf5 63. Rb8 Kc4 64. f4 Rxf4 65. Kxh3 Kc3 66. Rc8+ Kd2 67. Rb8 Kc2 68. Kg3 Rc4 69. g6 Rc6 70. Kf2 Rxg6 71. Rc8+ Kb1 72. Ke2 Rd6 73. Ra8 b2 74. Ra7 Rd4 75. Ke3 Kc2 76. Kxd4 b1Q 77. Rc7+ Kd2 78. Rc4 Qb6+ 79. Ke4 Qe6+ 0-1

[Event "NOR-ch"]
[Site "Sandefjord"]
[Date "2012.07.10"]
[Round "5.9"]
[White "Tjomsland, Stig"]
[Black "Gronn, Atle"]
[Result "0-1"]
[WhiteElo "2375"]
[BlackElo "2370"]
[PlyCount "80"]
[EventDate "2012.07.07"]
[EventType "swiss"]
[EventRounds "9"]
[EventCountry "NOR"]
[SourceTitle "CBM 149 Extra"]
[Source "ChessBase"]
[SourceDate "2012.08.24"]
[SourceVersion "1"]
[SourceVersionDate "2012.08.24"]
[SourceQuality "1"]

1. d4 Nf6 2. c4 c5 3. e3 g6 4. Nf3 Bg7 5. Be2 0-0 6. 0-0 cxd4 7. exd4 d5 8. h3 Nc6 9. Nc3 dxc4 10. Bxc4 Na5 11. Bd3 Be6 12. Qe2 Rc8 13. Rd1 Bc4 14. Bxc4 Nxc4 15. d5 Re8 16. Ne5 Nxe5 17. Qxe5 Qa5 18. Qe2 Rc7 19. Be3 Rd8 20. Bd4 Rcd7 21. Qe5 b6 22. Rd2 e6 23. Qg5 h6 24. Qe5 Rxd5 25. Nxd5 Qxd2 26. Ne7+ Kh7 27. Nc6 Ne8 28. Qb5 Rd5 29. Qa4 Bxd4 30. Nxd4 b5 31. Rd1 Qf4 32. Qxa7 e5 33. Qe7 Ng7 34. g3 Qg5 35. Qxf7 Rxd4 36. Re1 Rd2 37. Qc7 Qf5 38. Qc5 e4 39. Qb6 Rxb2 40. a4 e3 0-1

[Event "Pula op 25th"]
[Site "Pula"]
[Date "2011.06.19"]
[Round "2"]
[White "Exler, Veronika"]
[Black "Tjomsland, Stig"]
[Result "1/2-1/2"]
[WhiteElo "2119"]
[BlackElo "2378"]
[PlyCount "102"]
[EventDate "2011.06.18"]
[EventType "swiss"]
[EventRounds "9"]
[EventCountry "CRO"]
[SourceTitle "CBM 143 Extra"]
[Source "ChessBase"]
[SourceDate "2011.08.29"]
[SourceVersion "1"]
[SourceVersionDate "2011.08.29"]
[SourceQuality "1"]

1. e4 e5 2. Nf3 Nc6 3. Bb5 Nf6 4. 0-0 Nxe4 5. d4 Nd6 6. dxe5 Nxb5 7. a4 Nbd4 8. Nxd4 Nxd4 9. Qxd4 d5 10. exd6 Qxd6 11. Qe3+ Be7 12. Nc3 c6 13. Re1 Be6 14. Ne4 Qb4 15. b3 Qa5 16. Bb2 0-0 17. Qg3 f6 18. Bc3 Qf5 19. Qc7 Bd8 20. Qxb7 Bb6 21. a5 Rab8 22. Qa6 Bc8 23. Qc4+ Be6 24. Qe2 Bc7 25. Nxf6+ Kf7 26. g4 Bxh2+ 27. Kf1 Qb5 28. Nxh7 Rfe8 29. Qxb5 Rxb5 30. Bd2 Bxg4 31. Rxe8 Kxe8 32. Re1+ Kd7 33. Kg2 Bd6 34. Ng5 Bf5 35. Ne4 Be7 36. f3 a6 37. Bc3 g5 38. Bd2 Rd5 39. Re2 g4 40. c4 Rd3 41. Be3 Rxb3 42. Nd2 Rb2 43. fxg4 Bxg4 44. Rf2 Bb4 45. Ne4 Rxf2+ 46. Kxf2 Kc7 47. Bb6+ Kb7 48. Ke3 Bf5 49. Nc5+ Bxc5+ 50. Bxc5 Be6 51. Kd4 Bf7 1/2-1/2

[Event "NOR-chT 1011"]
[Site "Oslo"]
[Date "2011.04.03"]
[Round "9"]
[White "Hole, Oystein"]
[Black "Tjomsland, Stig"]
[Result "1/2-1/2"]
[WhiteElo "2380"]
[BlackElo "2347"]
[PlyCount "85"]
[EventDate "2010.11.05"]
[EventType "team-tourn"]
[EventRounds "9"]
[EventCountry "NOR"]
[SourceTitle "EXT 2012"]
[Source "ChessBase"]
[SourceDate "2011.11.24"]
[SourceVersion "1"]
[SourceVersionDate "2011.11.24"]
[SourceQuality "1"]
[WhiteTeam "Akademisk"]
[BlackTeam "Nordstrand"]
[WhiteTeamCountry "NOR"]
[BlackTeamCountry "NOR"]

1. Nf3 d5 2. d4 e6 3. c4 c6 4. Qc2 Nf6 5. Bg5 Nbd7 6. e3 Qa5+ 7. Nbd2 Ne4 8. Bf4 Bb4 9. Bd3 e5 10. Bxe5 Nxd2 11. Nxd2 Nxe5 12. dxe5 dxc4 13. Bxc4 Bg4 14. f3 Rd8 15. 0-0-0 Bd7 16. Ne4 Qxe5 17. Qb3 Be7 18. Bxf7+ Kf8 19. Rd4 Bc8 20. Rxd8+ Bxd8 21. Bc4 b5 22. Qd3 Bb6 23. Bb3 Bf5 24. g4 Bg6 25. Rd1 h5 26. g5 Bf5 27. Kb1 Ke7 28. Qc2 Rc8 29. Ka1 a5 30. a4 Kf8 31. Rd3 h4 32. Qd1 Rb8 33. axb5 Bc7 34. Rd7 Rxb5 35. Rf7+ Ke8 36. Rxc7 Qxc7 37. Nd6+ Ke7 38. Nxb5 cxb5 39. e4 Bd7 40. Qd2 Qc5 41. Qxa5 Qxg5 42. Qc7 Qe3 43. Qe5+ 1/2-1/2

[Event "Nordic-ch"]
[Site "Vammala"]
[Date "2005.09.04"]
[Round "11"]
[White "Agrest, Evgenij"]
[Black "Tjomsland, Stig"]
[Result "1-0"]
[WhiteElo "2592"]
[BlackElo "2257"]
[PlyCount "63"]
[EventDate "2005.08.24"]
[EventType "tourn"]
[EventRounds "11"]
[EventCountry "FIN"]
[EventCategory "7"]
[SourceTitle "CBM 108 Extra"]
[Source "ChessBase"]
[SourceDate "2005.11.04"]
[SourceVersion "1"]
[SourceVersionDate "2005.11.04"]
[SourceQuality "1"]

1. Nf3 Nf6 2. c4 g6 3. g3 Bg7 4. Bg2 0-0 5. 0-0 d6 6. Nc3 e5 7. d3 Nc6 8. Rb1 a5 9. h3 h6 10. e4 Ne8 11. Nd5 Bd7 12. b3 Nd4 13. Nxd4 exd4 14. Nf4 c6 15. Ba3 c5 16. Qd2 Nc7 17. Rbe1 Na6 18. Nd5 Nb4 19. f4 Nxd5 20. cxd5 Re8 21. e5 dxe5 22. Bxc5 Rc8 23. Ba3 Rc3 24. fxe5 Rxe5 25. Rxe5 Bxe5 26. Qxh6 Rxd3 27. g4 Rg3 28. Re1 Bg7 29. Qf4 Qh4 30. Re7 Bf5 31. Bd6 Rxg2+ 32. Kxg2 1-0

[Event "Nordic-ch"]
[Site "Vammala"]
[Date "2005.09.02"]
[Round "9"]
[White "Simonsen, Hans Kristian"]
[Black "Tjomsland, Stig"]
[Result "0-1"]
[WhiteElo "2305"]
[BlackElo "2257"]
[PlyCount "64"]
[EventDate "2005.08.24"]
[EventType "tourn"]
[EventRounds "11"]
[EventCountry "FIN"]
[EventCategory "7"]
[SourceTitle "CBM 108 Extra"]
[Source "ChessBase"]
[SourceDate "2005.11.04"]
[SourceVersion "1"]
[SourceVersionDate "2005.11.04"]
[SourceQuality "1"]

1. c4 Nf6 2. Nc3 g6 3. e4 d6 4. Nge2 Bg7 5. g3 0-0 6. Bg2 e5 7. 0-0 c6 8. d4 Nbd7 9. h3 Re8 10. d5 Qc7 11. Be3 a5 12. Qd2 Nc5 13. Rfc1 Bd7 14. dxc6 Bxc6 15. Nd5 Nxd5 16. cxd5 Bb5 17. Nc3 Ba6 18. Na4 b6 19. a3 Bb5 20. Nxc5 bxc5 21. b4 axb4 22. axb4 c4 23. Ra5 Rab8 24. Bf1 Rec8 25. Qa2 Qd7 26. Ra7 Rb7 27. Rxb7 Qxb7 28. Bxc4 Bd7 29. Qa7 Qxa7 30. Bxa7 Bb5 31. Bc5 Bxc4 32. Rxc4 Bf8 0-1

[Event "Nordic-ch"]
[Site "Vammala"]
[Date "2005.08.30"]
[Round "7"]
[White "Sammalvuo, Tapani"]
[Black "Tjomsland, Stig"]
[Result "1-0"]
[WhiteElo "2441"]
[BlackElo "2257"]
[PlyCount "55"]
[EventDate "2005.08.24"]
[EventType "tourn"]
[EventRounds "11"]
[EventCountry "FIN"]
[EventCategory "7"]
[SourceTitle "CBM 108 Extra"]
[Source "ChessBase"]
[SourceDate "2005.11.04"]
[SourceVersion "1"]
[SourceVersionDate "2005.11.04"]
[SourceQuality "1"]

1. e4 e5 2. Nf3 Nf6 3. Nxe5 d6 4. Nf3 Nxe4 5. d4 d5 6. Bd3 Bd6 7. 0-0 0-0 8. c4 c6 9. Qc2 Na6 10. a3 Bg4 11. Ne5 Bxe5 12. dxe5 Nac5 13. f3 Nxd3 14. Qxd3 Nc5 15. Qd4 Nb3 16. Qxg4 Nxa1 17. Bh6 g6 18. Nc3 Nc2 19. Rf2 d4 20. Ne4 Ne3 21. Qh3 f5 22. exf6 Qa5 23. Re2 Nf5 24. Ng5 Rf7 25. Nxf7 d3 26. Ne5 Rf8 27. Nxd3 Rd8 28. Re7 1-0

[Event "Politiken Cup 27th"]
[Site "Copenhagen"]
[Date "2005.07.24"]
[Round "10"]
[White "Tjomsland, Stig"]
[Black "Lonborg, Morten"]
[Result "1-0"]
[WhiteElo "2257"]
[BlackElo "2188"]
[PlyCount "93"]
[EventDate "2005.07.16"]
[EventType "swiss"]
[EventRounds "10"]
[EventCountry "DEN"]
[SourceTitle "CBM 107 Extra"]
[Source "ChessBase"]
[SourceDate "2005.09.01"]
[SourceVersion "1"]
[SourceVersionDate "2005.09.01"]
[SourceQuality "1"]

1. d4 Nf6 2. c4 c5 3. d5 b5 4. Qc2 d6 5. e4 g6 6. h3 Bg7 7. Nf3 b4 8. Bd3 a5 9. Nbd2 a4 10. Rb1 0-0 11. 0-0 Nh5 12. Re1 Nf4 13. Nf1 e5 14. Bxf4 exf4 15. e5 dxe5 16. Nxe5 Bxh3 17. Nf3 Bc8 18. Qc1 g5 19. Qc2 g4 20. N3h2 Bd4 21. g3 Ra6 22. Bf5 fxg3 23. Nxg3 Qh4 24. Bxc8 Rxc8 25. Nf5 Qh3 26. Qe2 h5 27. Kh1 Rf6 28. Nxd4 cxd4 29. Rg1 d3 30. Qd2 Rxc4 31. Qg5+ Rg6 32. Qd8+ Kg7 33. Qxb8 Rc2 34. Qe5+ Rf6 35. Rbf1 d2 36. Rd1 a3 37. bxa3 bxa3 38. Rxd2 Rxd2 39. Qg5+ Rg6 40. Qxd2 f5 41. d6 Qh4 42. d7 Qd8 43. Re1 Rb6 44. Re8 Rb1+ 45. Kg2 Qh4 46. Rg8+ Kh7 47. Rh8+ 1-0

[Event "Politiken Cup 27th"]
[Site "Copenhagen"]
[Date "2005.07.19"]
[Round "5"]
[White "Tjomsland, Stig"]
[Black "Richards, Heather"]
[Result "1-0"]
[WhiteElo "2257"]
[BlackElo "2150"]
[PlyCount "63"]
[EventDate "2005.07.16"]
[EventType "swiss"]
[EventRounds "10"]
[EventCountry "DEN"]
[SourceTitle "CBM 107 Extra"]
[Source "ChessBase"]
[SourceDate "2005.09.01"]
[SourceVersion "1"]
[SourceVersionDate "2005.09.01"]
[SourceQuality "1"]

1. d4 f5 2. Bg5 h6 3. Bh4 g5 4. e3 Nf6 5. Bg3 d6 6. Nc3 c6 7. Qd2 Be6 8. f3 Nbd7 9. Bd3 Bg7 10. Nge2 b5 11. d5 Nxd5 12. Nxd5 cxd5 13. Nd4 Bf7 14. c3 Qa5 15. Bxf5 Bf6 16. Ne6 Rc8 17. 0-0 Nb6 18. Qe2 b4 19. cxb4 Qxb4 20. Rac1 Rb8 21. Nc7+ Kf8 22. Na6 Nc4 23. Nxb4 Rxb4 24. Bf2 Rxb2 25. Rc2 Rb7 26. e4 Kg7 27. exd5 Na3 28. Rd2 Nb5 29. Rb1 Rhb8 30. Rxb5 Rxb5 31. Bd4 Bxd5 32. Qxe7+ 1-0

[Event "Politiken Cup 27th"]
[Site "Copenhagen"]
[Date "2005.07.18"]
[Round "4"]
[White "Nielsen, Jens Holm"]
[Black "Tjomsland, Stig"]
[Result "0-1"]
[WhiteElo "2062"]
[BlackElo "2257"]
[PlyCount "80"]
[EventDate "2005.07.16"]
[EventType "swiss"]
[EventRounds "10"]
[EventCountry "DEN"]
[SourceTitle "CBM 107 Extra"]
[Source "ChessBase"]
[SourceDate "2005.09.01"]
[SourceVersion "1"]
[SourceVersionDate "2005.09.01"]
[SourceQuality "1"]

1. Nc3 d5 2. e4 e6 3. g3 dxe4 4. Nxe4 Bd7 5. Nf3 Bc6 6. d3 Nf6 7. Qe2 Nxe4 8. dxe4 Qf6 9. c3 Nd7 10. Nd4 Nc5 11. Nxc6 bxc6 12. e5 Qf5 13. g4 Qg6 14. b4 Nd7 15. Bg2 h5 16. Bxc6 Rd8 17. g5 Qf5 18. f4 Be7 19. h4 f6 20. Be4 Qg4 21. Qxg4 hxg4 22. Bc6 fxe5 23. fxe5 0-0 24. Bxd7 Rxd7 25. Be3 Rd5 26. Bd4 Bxb4 27. 0-0-0 Ba3+ 28. Kc2 c5 29. Be3 Rxe5 30. Bd2 c4 31. Rb1 Rf2 32. Rb8+ Kh7 33. Rd8 g3 34. Rg1 g2 35. Rd4 Ree2 36. h5 Kg8 37. Rd8+ Kf7 38. Rb1 Be7 39. Rd7 Ke8 40. Rbb7 Rxd2+ 0-1

[Event "Politiken Cup 27th"]
[Site "Copenhagen"]
[Date "2005.07.17"]
[Round "2"]
[White "Vea, Odin Blikra"]
[Black "Tjomsland, Stig"]
[Result "1-0"]
[WhiteElo "2085"]
[BlackElo "2257"]
[PlyCount "69"]
[EventDate "2005.07.16"]
[EventType "swiss"]
[EventRounds "10"]
[EventCountry "DEN"]
[SourceTitle "CBM 107 Extra"]
[Source "ChessBase"]
[SourceDate "2005.09.01"]
[SourceVersion "1"]
[SourceVersionDate "2005.09.01"]
[SourceQuality "1"]

1. e4 e6 2. d4 d5 3. Nd2 dxe4 4. Nxe4 Nd7 5. Nf3 Ngf6 6. Nxf6+ Nxf6 7. g3 c5 8. Bg5 cxd4 9. Qxd4 Qxd4 10. Nxd4 Bc5 11. Nb3 Bb6 12. Bg2 0-0 13. Bxf6 gxf6 14. 0-0 e5 15. a4 a5 16. Rfd1 Bf5 17. Rac1 e4 18. Rd5 Bg6 19. Rb5 Ra6 20. c4 Rd8 21. c5 Bc7 22. Rxb7 Be5 23. c6 Rc8 24. c7 Bf5 25. Nd2 Rd6 26. Bxe4 Be6 27. Nf3 Bd4 28. Nxd4 Rxd4 29. Bg2 Kg7 30. b3 Rd3 31. h4 Rd7 32. Bf1 Re7 33. Ra7 Rce8 34. Bb5 Rf8 35. Rxa5 1-0

[Event "NOR-chB op"]
[Site "Asker"]
[Date "2003.06.01"]
[Round "5"]
[White "Kristiansen, Erling"]
[Black "Tjomsland, Stig"]
[Result "1-0"]
[WhiteElo "2205"]
[BlackElo "2286"]
[PlyCount "81"]
[EventDate "2003.05.??"]
[EventType "swiss"]
[EventRounds "5"]
[EventCountry "NOR"]
[SourceTitle "EXT 2005"]
[Source "ChessBase"]
[SourceDate "2004.11.15"]
[SourceVersion "1"]
[SourceVersionDate "2004.11.15"]
[SourceQuality "1"]

1. d4 Nf6 2. c4 g6 3. Nf3 Bg7 4. g3 0-0 5. Bg2 c6 6. 0-0 a6 7. Nbd2 d5 8. b3 c5 9. Bb2 Nc6 10. dxc5 d4 11. Ne1 e5 12. a3 a5 13. Nc2 Bf5 14. e4 Bg4 15. f3 Be6 16. Ne1 Nd7 17. Nd3 Qe7 18. b4 f5 19. b5 Nd8 20. a4 Qg5 21. f4 Qh6 22. Ba3 Re8 23. exf5 Bxf5 24. Nxe5 Bxe5 25. fxe5 Rc8 26. Nf3 d3 27. Bc1 Qg7 28. Nd4 Be6 29. c6 bxc6 30. Nxe6 Nxe6 31. Bxc6 Qxe5 32. Qxd3 Ndc5 33. Qa3 Nd3 34. Qxd3 Rxc6 35. bxc6 Qxa1 36. Bd2 Qd4+ 37. Qxd4 Nxd4 38. c7 Rc8 39. Bxa5 Ne6 40. Rf6 Nc5 41. Rd6 1-0

[Event "NOR-chT east 0203"]
[Site "Norway"]
[Date "2003.01.18"]
[Round "4"]
[White "Tjomsland, Stig"]
[Black "Hole, Oystein"]
[Result "0-1"]
[WhiteElo "2243"]
[BlackElo "2272"]
[PlyCount "106"]
[EventDate "2002.11.09"]
[EventType "team-swiss"]
[EventRounds "9"]
[EventCountry "NOR"]
[SourceTitle "EXT 2009"]
[Source "ChessBase"]
[SourceDate "2008.11.26"]
[SourceVersion "1"]
[SourceVersionDate "2008.11.26"]
[SourceQuality "1"]

1. d4 d5 2. c4 c6 3. Nc3 Nf6 4. Bg5 dxc4 5. e4 b5 6. e5 Nd5 7. Ne4 Qb6 8. Nf3 Bf5 9. Ng3 Bg4 10. Be2 e6 11. 0-0 h6 12. Bc1 Be7 13. h3 Bxf3 14. Bxf3 Nd7 15. a4 a6 16. axb5 cxb5 17. Nf5 exf5 18. Bxd5 Rd8 19. Be3 0-0 20. Qf3 Nb8 21. Ba8 Qa7 22. Rfd1 f4 23. Bxf4 Rxd4 24. Be3 Rxd1+ 25. Rxd1 Bc5 26. Bxh6 gxh6 27. Be4 f5 28. exf6 Kh8 29. Qf5 Bxf2+ 30. Kh1 Bh4 31. Qg6 Bg5 32. h4 Be3 33. Re1 Qf7 34. Rxe3 Qxg6 35. Bxg6 Rxf6 36. h5 Nc6 37. Re8+ Kg7 38. Rc8 Ne7 39. Rc7 Kf8 40. Be4 Rf2 41. Bb7 a5 42. Ba6 Rxb2 43. Rc5 c3 44. Rxc3 a4 45. Rf3+ Kg7 46. Kh2 Rb3 47. Rf1 a3 48. g4 Nd5 49. Bc8 Re3 50. Bb7 Nc3 51. Ba6 a2 52. Ra1 Re2+ 53. Kg3 Rb2 0-1

[Event "NOR-chT fin"]
[Site "Oslo"]
[Date "2002.05.11"]
[Round "4"]
[White "Svedenborg, Paul"]
[Black "Tjomsland, Stig"]
[Result "0-1"]
[WhiteElo "2228"]
[BlackElo "2274"]
[PlyCount "126"]
[EventDate "2002.05.08"]
[EventType "team"]
[EventRounds "5"]
[EventCountry "NOR"]
[SourceTitle "CBM 088 Extra"]
[Source "ChessBase"]
[SourceDate "2002.07.01"]
[SourceVersion "2"]
[SourceVersionDate "2002.07.01"]
[SourceQuality "1"]

1. e4 e6 2. b3 d5 3. Bb2 Nf6 4. e5 Nfd7 5. c4 dxc4 6. bxc4 c5 7. Qg4 Nc6 8. f4 Nb6 9. Qd1 Nb4 10. d3 Bd7 11. Nc3 Bc6 12. Qe2 Na4 13. Nxa4 Bxa4 14. Kf2 Qb6 15. Qd2 0-0-0 16. Nf3 Be7 17. a3 Nc6 18. Bc3 Rd7 19. Be2 Rhd8 20. Rhe1 Qc7 21. Kg1 Nb8 22. Rab1 Bc6 23. Qe3 Bxf3 24. Qxf3 Nc6 25. Qe4 g6 26. Rb2 Nd4 27. Bd1 Qc6 28. Qxc6+ Nxc6 29. Be2 Rg8 30. g3 Bd8 31. h4 h5 32. Kf2 Ba5 33. Bxa5 Nxa5 34. Ke3 Nc6 35. Reb1 Nd4 36. Bf1 b6 37. Kf2 Kc7 38. Bg2 Rb8 39. Be4 Nf5 40. Ke2 Nxg3+ 41. Kf3 Nf5 42. Bxf5 gxf5 43. Rd1 Rg8 44. Rg2 Rg4 45. Rxg4 fxg4+ 46. Ke4 b5 47. cxb5 Kb6 48. Rf1 Kxb5 49. f5 Rd4+ 50. Ke3 Kc6 51. fxe6 fxe6 52. Rf6 Kd5 53. Rh6 g3 54. Rxh5 Rg4 55. Rg5 Rxg5 56. hxg5 Kxe5 57. Kf3 Kf5 58. Kxg3 Kxg5 59. Kf3 Kf5 60. Ke3 Ke5 61. Ke2 Kd4 62. Kd2 a5 63. Kc2 a4 0-1